ბათუმის შოთა რუსთაველის სახელმწიფო უნივერსიტეტის ბიბლიოთეკა

ქართული პოეტური ლენინიანა (ბიბ.ჩანაწერი № 43463)

000 -LEADER
fixed length control field 00857nam a2200229Ia 4500
001 - CONTROL NUMBER
control field 10194
003 - CONTROL NUMBER IDENTIFIER
control field GE_BSU
008 - FIXED-LENGTH DATA ELEMENTS--GENERAL INFORMATION
fixed length control field 181216s||||||||xx |||||||||||||| ||und||
040 ## - CATALOGING SOURCE
Transcribing agency GE_BSU
080 ## - UNIVERSAL DECIMAL CLASSIFICATION NUMBER
Universal Decimal Classification number 821.353.1.09+329.150.1
100 ## - MAIN ENTRY--PERSONAL NAME
Personal name სამხარაძე,გიორგი
245 ## - TITLE STATEMENT
Title ქართული პოეტური ლენინიანა
245 ## - TITLE STATEMENT
Remainder of title ლენინი ქართულ პოეზიაში
245 ## - TITLE STATEMENT
Statement of responsibility, etc. რედ:ნ.აგიაშვილი;მხატვ:ლ.ქურდიანი.
260 ## - PUBLICATION, DISTRIBUTION, ETC.
Place of publication, distribution, etc. თბილისი
260 ## - PUBLICATION, DISTRIBUTION, ETC.
Name of publisher, distributor, etc. მერანი
260 ## - PUBLICATION, DISTRIBUTION, ETC.
Date of publication, distribution, etc. 1970
300 ## - PHYSICAL DESCRIPTION
Extent 177გვ;17სმ.
653 ## - INDEX TERM--UNCONTROLLED
Uncontrolled term ლენინი ქართულ პოეზიაში
653 ## - INDEX TERM--UNCONTROLLED
Uncontrolled term ქართული პოეტური ლენინიანა
942 ## - ADDED ENTRY ELEMENTS (KOHA)
Koha item type წიგნი
ეგზემპლარები
Withdrawn status Lost status Damaged status Not for loan Date acquired Barcode Date last seen Price effective from Koha item type
        2018-12-17 33678 2018-12-17 2018-12-17 წიგნი
        2018-12-17 33679 2018-12-17 2018-12-17 წიგნი